Нефтегазовое дело. Полный курс: учебник; в 2 т.

מידע ביבליוגרפי
מחבר ראשי: Тетельмин В. В. Владимир Владимирович
שפה:רוסית
יצא לאור: Москва, Инфра-Инженерия, 2021
מהדורה:2-е изд.
פורמט: MixedMaterials ספר
KOHA link:https://koha.lib.tpu.ru/cgi-bin/koha/opac-detail.pl?biblionumber=319314

MARC

LEADER 00000nam1a2200000 4500
001 319314
005 20231101020847.0
010 |a 9785972905522 
035 |a (RuTPU)RU\TPU\book\344823 
090 |a 319314 
100 |a 20220404d2021 m y0rusy50 ca 
101 0 |a rus 
102 |a RU 
200 1 |a Нефтегазовое дело. Полный курс  |e учебник  |e в 2 т.  |f В. В. Тетельмин 
205 |a 2-е изд. 
210 |a Москва  |a Вологда  |c Инфра-Инженерия  |d 2021 
700 1 |a Тетельмин  |b В. В.  |g Владимир Владимирович 
801 1 |a RU  |b 63413507  |c 20160526 
801 2 |a RU  |b 63413507  |c 20220426  |g RCR 
942 |c BK